Riadenie znalostí v manažmente intelektuálneho kapitálu

Pojem znalosti - obsahové vymedzenie. Obsahové vymedzenie pojmov: dáta, informácie, múdrosť podľa niektorých autorov. Znalosti v manažmente intelektuálneho kapitálu. Hlavné úlohy manažmentu znalostí. Aplikácia znalostného manažmentu.

Salvato in:
Dettagli Bibliografici
Autore principale: Hvizdová, Eva, ml
Natura: Capitolo di libro
Lingua:slovacco
Soggetti:
Tags: Aggiungi Tag
Nessun Tag, puoi essere il primo ad aggiungerne!!

MARC

LEADER 00000naa$a2200000$$$4500
001 0125066
005 20240502072425.2
041 0 |a slo 
044 |a SK 
245 1 0 |a Riadenie znalostí v manažmente intelektuálneho kapitálu  |c Eva Hvizdová 
520 |a Pojem znalosti - obsahové vymedzenie. Obsahové vymedzenie pojmov: dáta, informácie, múdrosť podľa niektorých autorov. Znalosti v manažmente intelektuálneho kapitálu. Hlavné úlohy manažmentu znalostí. Aplikácia znalostného manažmentu. 
610 2 0 |a riadenie znalostí 
610 2 0 |a vedomosti 
610 2 0 |a manažment znalostný 
610 2 0 |a kapitál ľudský 
610 2 0 |a kapitál intelektuálny 
100 1 |a Hvizdová, Eva, ml.